| 000 | 00857nam a22001937a 4500 | ||
|---|---|---|---|
| 005 | 20260608145323.0 | ||
| 010 | _aB-780674-689 BACEN26 | ||
| 020 |
_a9789362109187 _c1000.00 |
||
| 035 | _aB-780674-689 | ||
| 037 | _bPrakhar Goonj Publication | ||
| 082 | _a340.1 | ||
| 100 | _aSinha, Surender | ||
| 245 |
_aArtificial Intelligence and the Rule of Law: _b(Ethics, policy, and Global perspectives)/ _cby Surender Sinha |
||
| 260 |
_aDelhi _bPrakhar Goonj Publication _c2025 |
||
| 270 |
_aA-11/90, Sector-18 Rohini, _bDelhi _e110089 |
||
| 300 |
_a477p. _c22cm(pb) |
||
| 942 |
_2ddc _cEN _h340.1 _mSIN |
||
| 999 |
_c215124 _d215124 |
||